Welcome to CU Library Online Public Access Catalogue (OPAC)

E-mail security : (Record no. 5199)

MARC details
000 -LEADER
fixed length control field 00882cam a2200229 a 4500
001 - CONTROL NUMBER
control field 2542843
005 - DATE AND TIME OF LATEST TRANSACTION
control field 20250326093847.0
008 - FIXED-LENGTH DATA ELEMENTS--GENERAL INFORMATION
fixed length control field 940803s1995 nyua 001 0 eng
020 ## - INTERNATIONAL STANDARD BOOK NUMBER
International Standard Book Number 047105318X :
Terms of availability $24.95
050 00 - LIBRARY OF CONGRESS CALL NUMBER
Classification number HE6239.E54
Item number S36 1995
082 00 - DEWEY DECIMAL CLASSIFICATION NUMBER
Classification number 005.7/1369
Edition information 20
100 1# - MAIN ENTRY--PERSONAL NAME
Personal name Schneier, Bruce,
Dates associated with a name 1963-
245 10 - TITLE STATEMENT
Title E-mail security :
Remainder of title how to keep your electronic messages private /
Statement of responsibility, etc. Bruce Schneier.
260 ## - PUBLICATION, DISTRIBUTION, ETC.
Place of publication, distribution, etc. New York :
Name of publisher, distributor, etc. Wiley,
Date of publication, distribution, etc. c1995.
300 ## - PHYSICAL DESCRIPTION
Extent xii, 365 p. :
Other physical details ill. ;
Dimensions 24 cm.
500 ## - GENERAL NOTE
General note Includes index.
650 #0 - SUBJECT ADDED ENTRY--TOPICAL TERM
Topical term or geographic name entry element Electronic mail systems.
856 42 - ELECTRONIC LOCATION AND ACCESS
Materials specified Contributor biographical information
Uniform Resource Identifier <a href="http://www.loc.gov/catdir/bios/wiley047/94033251.html">http://www.loc.gov/catdir/bios/wiley047/94033251.html</a>
856 42 - ELECTRONIC LOCATION AND ACCESS
Materials specified Publisher description
Uniform Resource Identifier <a href="http://www.loc.gov/catdir/description/wiley031/94033251.html">http://www.loc.gov/catdir/description/wiley031/94033251.html</a>
856 4# - ELECTRONIC LOCATION AND ACCESS
Materials specified Table of Contents
Uniform Resource Identifier <a href="http://www.loc.gov/catdir/toc/onix01/94033251.html">http://www.loc.gov/catdir/toc/onix01/94033251.html</a>
942 ## - ADDED ENTRY ELEMENTS (KOHA)
Source of classification or shelving scheme Library of Congress Classification
Koha item type Books
Suppress in OPAC No
999 ## -
-- 5199
-- 5199
Holdings
Withdrawn status Lost status Source of classification or shelving scheme Damaged status Not for loan Collection Home library Current library Shelving location Date acquired Total checkouts Full call number Barcode Date last seen Copy number Price effective from Koha item type
    Library of Congress Classification     Non-fiction Undergraduate Library (Christ Temple) Undergraduate Library (Christ Temple) General stacks 03/26/2025   HE6239 SCH ulct00001969 03/26/2025 1 03/26/2025 Books
© 2023-2024 Copyright: Central University Libraries. All Rights Reserved | Created by: Mahone Tech Office